| 000 -NÁVESTIE |
| fixed length control field |
01666cam a2200505 a 4500 |
| 001 - EVIDENČNÉ ČÍSLO ZÁZNAMU - Kontrolné číslo |
| control field |
vtls011628226 |
| 005 - DÁTUM A ČAS POSLEDNEJ TRANSAKCIE |
| control field |
20220427112603.0 |
| 008 - ÚDAJE S PEVNOU DĹŽKOU – VŠEOBECNÉ INFORMÁCIE |
| fixed length control field |
200228s2016 xo f n 001 e slo |
| 020 ## - MEDZINÁRODNÉ ŠTANDARDNÉ ČÍSLO KNIHY (ISBN) |
| Medzinárodné štandardné číslo knihy (ISBN) |
9788089727711 |
| Qualifying information |
(viaz.) |
| 035 ## - Iný štandardný identifikátor |
| Iný štandardný identifikátor |
urn:nbn:sk:snk-am00d9z3 |
| 035 ## - Iný štandardný identifikátor |
| Iný štandardný identifikátor |
urn:nbn:sk:snk-am3hv0e |
| 035 ## - Iný štandardný identifikátor |
| Iný štandardný identifikátor |
263E2BCF-507E-4D21-A703-85AC222EA1F6 |
| 040 ## - ZDROJ KATALOGIZÁCIE |
| Pôvodná katalogizujúca agentúra |
VTHK |
| Jazyk katalogizácie |
slo |
| Prepisujúca agentúra |
VTHK |
| Modifikujúca agentúra |
SNK |
| Konvencie popisu |
AACR2 |
| 041 0# - KÓD JAZYKA |
| Kód jazyka textu/zvukovej stopy alebo samostatných nápisov |
slo |
| Kód jazyka zhrnutia alebo abstraktu/titulkov alebo nápisov |
eng |
| 044 ## - KÓD KRAJINY VYDAVATEĽA/PRODUCENTA |
| Kód krajiny MARC |
xo |
| Kód krajiny ISO |
SK |
| 072 #7 - KÓD PREDMETOVEJ KATEGÓRIE |
| Kód predmetovej kategórie |
14(3) |
| Pododdiel kódu predmetovej kategórie |
Antická, staroveká filozofia |
| Zdroj |
konspekt |
| 072 #7 - KÓD PREDMETOVEJ KATEGÓRIE |
| Kód predmetovej kategórie |
821.09 |
| Pododdiel kódu predmetovej kategórie |
Literatúra v rôznych jazykoch (o nej) |
| Zdroj |
konspekt |
| 080 ## - ČÍSLO MEDZINÁRODNÉHO DESATINNÉHO TRIEDENIA (MDT) |
| Číslo Medzinárodného desatinného triedenia (MDT) |
14(37/38) |
| Identifikátor vydania |
2011 |
| 080 ## - ČÍSLO MEDZINÁRODNÉHO DESATINNÉHO TRIEDENIA (MDT) |
| Číslo Medzinárodného desatinného triedenia (MDT) |
165.72 |
| Identifikátor vydania |
2011 |
| 080 ## - ČÍSLO MEDZINÁRODNÉHO DESATINNÉHO TRIEDENIA (MDT) |
| Číslo Medzinárodného desatinného triedenia (MDT) |
17 |
| Identifikátor vydania |
2011 |
| 080 ## - ČÍSLO MEDZINÁRODNÉHO DESATINNÉHO TRIEDENIA (MDT) |
| Číslo Medzinárodného desatinného triedenia (MDT) |
613.26 |
| Identifikátor vydania |
2011 |
| 080 ## - ČÍSLO MEDZINÁRODNÉHO DESATINNÉHO TRIEDENIA (MDT) |
| Číslo Medzinárodného desatinného triedenia (MDT) |
(0:82-4) |
| Identifikátor vydania |
2011 |
| 080 ## - ČÍSLO MEDZINÁRODNÉHO DESATINNÉHO TRIEDENIA (MDT) |
| Číslo Medzinárodného desatinného triedenia (MDT) |
821(37/38) |
| Identifikátor vydania |
2001 |
| 100 1# - OSOBNÉ MENÁ – VŠEOBECNÉ INFORMÁCIE |
| Osobné meno |
Hajko, Dalimír, |
| Dátumy súvisiace s menom |
1944- |
| -- |
2968 |
| 245 1# - NÁZOV |
| Názov |
Antické provokácie |
| Údaj o zodpovednosti atď. |
Dalimír Hajko |
| 250 ## - ÚDAJ O PORADÍ VYDANIA |
| Údaj o poradí vydania |
1. vyd. |
| 260 ## - VYDAVATEĽSKÉ ÚDAJE, DISTRIBÚCIA ATĎ. |
| Miesto publikovania, distribúcie atď. |
Bratislava |
| Názov vydavateľa, distibútora atď. |
Spolok slovenských spisovateľov |
| Dátum publikovania, distribúcie atď. |
2016 |
| 300 ## - FYZICKÝ POPIS |
| Rozsah |
166 s. |
| Rozmery |
18 cm |
| 546 ## - POZNÁMKA O JAZYKU |
| Poznámka o jazyku |
Res. angl. |
| 650 07 - PRIDANÝ VSTUP – PREDMET – TEMATICKÉ HESLO |
| Tematické heslo alebo geografický názov ako vstupný prvok |
skepticizmus |
| Zdroj hesla alebo termínu |
SNKPH |
| -- |
2969 |
| 650 07 - PRIDANÝ VSTUP – PREDMET – TEMATICKÉ HESLO |
| Tematické heslo alebo geografický názov ako vstupný prvok |
etika |
| Zdroj hesla alebo termínu |
SNKPH |
| -- |
2970 |
| 650 07 - PRIDANÝ VSTUP – PREDMET – TEMATICKÉ HESLO |
| Tematické heslo alebo geografický názov ako vstupný prvok |
Ancient philosophy |
| Zdroj hesla alebo termínu |
SNKPHeng |
| -- |
2971 |
| 650 07 - PRIDANÝ VSTUP – PREDMET – TEMATICKÉ HESLO |
| Tematické heslo alebo geografický názov ako vstupný prvok |
antická filozofia |
| Zdroj hesla alebo termínu |
SNKPH |
| -- |
2972 |
| 650 07 - PRIDANÝ VSTUP – PREDMET – TEMATICKÉ HESLO |
| Tematické heslo alebo geografický názov ako vstupný prvok |
vegetariánstvo |
| Zdroj hesla alebo termínu |
SNKPH |
| -- |
2973 |
| 650 07 - PRIDANÝ VSTUP – PREDMET – TEMATICKÉ HESLO |
| Tematické heslo alebo geografický názov ako vstupný prvok |
Ethics |
| Zdroj hesla alebo termínu |
SNKPHeng |
| -- |
2974 |
| 650 07 - PRIDANÝ VSTUP – PREDMET – TEMATICKÉ HESLO |
| Tematické heslo alebo geografický názov ako vstupný prvok |
Vegetarianism |
| Zdroj hesla alebo termínu |
SNKPHeng |
| -- |
2975 |
| 650 07 - PRIDANÝ VSTUP – PREDMET – TEMATICKÉ HESLO |
| Tematické heslo alebo geografický názov ako vstupný prvok |
Scepticism |
| Zdroj hesla alebo termínu |
SNKPHeng |
| -- |
2976 |
| 650 07 - PRIDANÝ VSTUP – PREDMET – TEMATICKÉ HESLO |
| Tematické heslo alebo geografický názov ako vstupný prvok |
antická literatúra |
| Zdroj hesla alebo termínu |
SNKPH |
| -- |
2977 |
| 650 07 - PRIDANÝ VSTUP – PREDMET – TEMATICKÉ HESLO |
| Tematické heslo alebo geografický názov ako vstupný prvok |
Classical literature |
| Zdroj hesla alebo termínu |
SNKPHeng |
| -- |
2978 |
| 655 #7 - INDEXAČNÝ TERMÍN – ŽÁNER/FORMA |
| Údaje o žánri/forme alebo termín, ktorý je prvok fazety |
eseje |
| Zdroj termínu |
SNKPH |
| -- |
2822 |
| 655 #7 - INDEXAČNÝ TERMÍN – ŽÁNER/FORMA |
| Údaje o žánri/forme alebo termín, ktorý je prvok fazety |
Essays |
| Zdroj termínu |
SNKPHeng |
| -- |
1704 |
| 850 ## - Držiteľská inštitúcia |
| LOKÁCIA (UMIESTNENIE) |
KIS3G |
| 958 ## - Formálny deskriptor |
| Formálny deskriptor |
NB |